000 00283nam a2200109Ia 4500
005 20251222143133.0
008 251222s9999||||xx |||||||||||||| ||spa||
082 _a808.801.7/C548E
100 _a"Chiappo, Leopoldo"
245 0 _aEscenas de la comedia: Estudios dantianos
942 _cLIB
999 _c12019
_d12019